[Event "Levice Toth Memorial"]
[Site "Levice"]
[Date "2019.08.04"]
[Round "7"]
[White "Budinsky, Emil"]
[Black "Mikulec, Martin"]
[Result "0-1"]
[WhiteElo "1663"]
[BlackElo "1840"]
[PlyCount "87"]
[EventDate "2019.08.01"]
[EventType "swiss"]
[EventRounds "7"]
[EventCountry "SVK"]
[SourceTitle "EXT 2020"]
[Source "ChessBase"]
[SourceDate "2019.10.17"]
[SourceVersion "1"]
[SourceVersionDate "2019.10.17"]
[SourceQuality "1"]

1. e4 c5 2. Nc3 d6 3. g3 g6 4. Bg2 Bg7 5. Nge2 Nc6 6. d3 Nf6 7. 0-0 0-0 8. h3 Bd7 9. Be3 a6 10. Qd2 Rb8 11. Rab1 b5 12. f4 b4 13. Nd5 Ne8 14. f5 Nf6 15. Nxf6+ Bxf6 16. Bh6 Bg7 17. Bxg7 Kxg7 18. fxg6 hxg6 19. Qf4 e5 20. Qf3 Qe7 21. Rf2 f5 22. exf5 Rxf5 23. Qe3 Rxf2 24. Kxf2 Rf8+ 25. Kg1 Rf7 26. Rf1 Rxf1+ 27. Kxf1 Qf7+ 28. Qf2 Qxa2 29. Kg1 Qb1+ 30. Kh2 Qxc2 31. Bd5 Nd8 32. Qe3 Bc6 33. Bc4 Qb1 34. g4 Qh1+ 35. Kg3 Qe1+ 36. Qf2 Qxf2+ 37. Kxf2 a5 38. b3 d5 39. Ba6 a4 40. bxa4 Bxa4 41. Ke1 b3 42. Nc3 b2 43. Kd2 g5 44. Nb1 0-1

[Event "Levice Toth Memorial"]
[Site "Levice"]
[Date "2019.08.04"]
[Round "6"]
[White "Panik, Ladislav"]
[Black "Budinsky, Emil"]
[Result "0-1"]
[WhiteElo "1611"]
[BlackElo "1663"]
[PlyCount "22"]
[EventDate "2019.08.01"]
[EventType "swiss"]
[EventRounds "7"]
[EventCountry "SVK"]
[SourceTitle "EXT 2020"]
[Source "ChessBase"]
[SourceDate "2019.10.17"]
[SourceVersion "1"]
[SourceVersionDate "2019.10.17"]
[SourceQuality "1"]

1. e4 c5 2. Nf3 d6 3. d4 cxd4 4. Nxd4 Nf6 5. Nc3 a6 6. Be2 e6 7. Be3 Be7 8. 0-0 0-0 9. f4 Qc7 10. a4 Nc6 11. Nb3 b6 0-1

[Event "Banska Stiavnica V4 op"]
[Site "Banska Stiavnica"]
[Date "2016.07.02"]
[Round "1"]
[White "Budinsky, Emil"]
[Black "Zatko, Gregor"]
[Result "0-1"]
[WhiteElo "1752"]
[BlackElo "2159"]
[PlyCount "48"]
[EventDate "2016.07.02"]
[EventType "swiss"]
[EventRounds "9"]
[EventCountry "SVK"]
[SourceTitle "CBM 173 Extra"]
[Source "ChessBase"]
[SourceDate "2016.08.29"]
[SourceVersion "1"]
[SourceVersionDate "2016.08.29"]
[SourceQuality "1"]

1. e4 g6 2. d4 Bg7 3. Nf3 d6 4. Be3 Nd7 5. Nc3 a6 6. Bc4 e6 7. Qd2 h6 8. a4 b6 9. 0-0 Ne7 10. h3 Bb7 11. Nh2 Nf6 12. Bd3 c5 13. dxc5 bxc5 14. f4 c4 15. Bxc4 Nxe4 16. Nxe4 Bxe4 17. Rab1 Nf5 18. Bf2 Qd7 19. g4 Qc6 20. gxf5 Qxc4 21. fxe6 fxe6 22. b3 Qc6 23. Bd4 Qxc2 24. Qxc2 Bxd4+ 0-1

[Event "SVK-ch op"]
[Site "Banska Stiavnica"]
[Date "2015.07.10"]
[Round "7"]
[White "Budinsky, Emil"]
[Black "Panko, Eduard1111"]
[Result "1/2-1/2"]
[WhiteElo "1748"]
[BlackElo "1531"]
[PlyCount "95"]
[EventDate "2015.07.04"]
[EventType "swiss"]
[EventRounds "9"]
[EventCountry "SVK"]
[SourceTitle "CBM 167 Extra"]
[Source "ChessBase"]
[SourceDate "2015.09.14"]
[SourceVersion "1"]
[SourceVersionDate "2015.09.14"]
[SourceQuality "1"]

1. e4 d6 2. d4 Nf6 3. Nc3 g6 4. Be2 Bg7 5. Be3 0-0 6. g4 b6 7. g5 Nfd7 8. h4 Bb7 9. f3 e5 10. d5 Na6 11. h5 Re8 12. hxg6 fxg6 13. Qd2 Nac5 14. b4 Na6 15. a3 Nab8 16. Bf1 a5 17. b5 Qe7 18. Qh2 Nf8 19. Nd1 Nbd7 20. Nf2 Bc8 21. Bh3 Rb8 22. Qg3 Ra8 23. Ra2 Rb8 24. c4 Nc5 25. Bxc8 Rbxc8 26. Bxc5 dxc5 27. Nd3 Rcd8 28. Qh4 Qf7 29. Rah2 Bh8 30. Rh3 Rd7 31. Ne2 Qe7 32. Nf2 Qd8 33. Ng4 a4 34. Nh6+ Kg7 35. Ng3 Qa8 36. Ngf5+ gxf5 37. exf5 Qa5+ 38. Ke2 Ng6 39. fxg6 e4 40. f4 e3 41. Rd1 Qc3 42. Nf5+ Kf8 43. Rd3 Qc2+ 44. Kf3 Qxd3 45. Kg4 Qe2+ 46. Rf3 Qg2+ 47. Rg3 Qe2+ 48. Rf3 1/2-1/2

[Event "SVK-ch op"]
[Site "Banska Stiavnica"]
[Date "2015.07.06"]
[Round "3"]
[White "Budinsky, Emil"]
[Black "Popovic, Martin"]
[Result "1-0"]
[WhiteElo "1748"]
[BlackElo "1562"]
[PlyCount "71"]
[EventDate "2015.07.04"]
[EventType "swiss"]
[EventRounds "9"]
[EventCountry "SVK"]
[SourceTitle "CBM 167 Extra"]
[Source "ChessBase"]
[SourceDate "2015.09.14"]
[SourceVersion "1"]
[SourceVersionDate "2015.09.14"]
[SourceQuality "1"]

1. e4 c5 2. Nc3 e6 3. g3 Nc6 4. Bg2 d6 5. Nge2 Nf6 6. 0-0 Be7 7. d3 Bd7 8. f4 Qb6 9. Kh1 e5 10. f5 0-0-0 11. Rb1 Rdg8 12. a3 h5 13. h3 g6 14. Be3 Nd4 15. b4 Qd8 16. bxc5 dxc5 17. Bg5 gxf5 18. Bxf6 Bxf6 19. exf5 Bc6 20. Bxc6 Nxc6 21. Ne4 Bg5 22. c3 Be3 23. Rf3 Bh6 24. Nxc5 Qd5 25. Ne4 Bf8 26. c4 Qd8 27. Qb3 Qb6 28. Qxb6 axb6 29. Rxb6 Bxa3 30. Rf1 Kc7 31. Rfb1 Bb4 32. R1xb4 Nxb4 33. Rxb4 Ra8 34. N2c3 Ra1+ 35. Kg2 Rd8 36. Nd5+ 1-0